[Event "Provincial-ch Burjassot Preferente"]
[Site "Valencia"]
[Date "2011.11.05"]
[Round "4.9"]
[White "Gadea Iafigliola, Gabriel Fernan"]
[Black "Albert Garrote, Amadeo"]
[Result "0-1"]
[WhiteElo "1924"]
[BlackElo "1868"]
[PlyCount "40"]
[EventDate "2011.10.01"]
[EventType "swiss"]
[EventRounds "7"]
[EventCountry "ESP"]
[SourceTitle "EXT 2024"]
[Source "ChessBase"]
[SourceDate "2023.10.10"]
[SourceVersion "1"]
[SourceVersionDate "2023.10.10"]
[SourceQuality "1"]

1. d4 d5 2. Nf3 c6 3. e3 Nf6 4. Bd3 Bg4 5. Nbd2 Nbd7 6. 0-0 e6 7. e4 dxe4 8. Nxe4 Nxe4 9. Bxe4 Nf6 10. Bd3 Bxf3 11. Qxf3 Qxd4 12. Rd1 Qg4 13. Be2 h5 14. Qd3 Qe4 15. Bf3 Qxd3 16. Rxd3 Be7 17. a3 Rd8 18. Rb3 Rd7 19. Rxb7 Rxb7 20. Bxc6+ Rd7 0-1

[Event "Provincial-ch Burjassot Preferente"]
[Site "Valencia"]
[Date "2011.10.22"]
[Round "3.5"]
[White "Pino Fernandez, David"]
[Black "Gadea Iafigliola, Gabriel Fernan"]
[Result "1/2-1/2"]
[WhiteElo "1781"]
[BlackElo "1924"]
[PlyCount "152"]
[EventDate "2011.10.01"]
[EventType "swiss"]
[EventRounds "7"]
[EventCountry "ESP"]
[SourceTitle "EXT 2024"]
[Source "ChessBase"]
[SourceDate "2023.10.10"]
[SourceVersion "1"]
[SourceVersionDate "2023.10.10"]
[SourceQuality "1"]

1. d4 Nf6 2. c4 e6 3. Nc3 d5 4. Bf4 Nbd7 5. e3 c6 6. c5 b6 7. b4 Bb7 8. h3 Be7 9. Nf3 0-0 10. Bd3 a5 11. a3 axb4 12. axb4 Rxa1 13. Qxa1 Qa8 14. 0-0 Qxa1 15. Rxa1 Ra8 16. Rxa8+ Bxa8 17. Kf1 Kf8 18. Bc7 bxc5 19. bxc5 Ne8 20. Bf4 h6 21. Nd2 Bf6 22. Nb3 e5 23. Bg3 g6 24. f3 Nc7 25. Na2 Ne6 26. Bf2 exd4 27. exd4 Bb7 28. Be3 h5 29. Nb4 Ba8 30. Ke2 Ke8 31. Kd2 Bg7 32. Kc3 Ndxc5 33. Nxc5 Nxc5 34. Bc2 Kf8 35. Bh6 Bxh6 36. dxc5 Be3 37. Ba4 Bxc5 38. Nxc6 Bb7 39. Ne5 Kg7 40. Be8 Ba6 41. Nd3 d4+ 42. Kd2 Bd6 43. Ba4 Bc4 44. Bd1 Kf6 45. Be2 Kg5 46. Nc1 Bb4+ 47. Kc2 Bxe2 48. Nxe2 Bc5 49. Kd3 Kh4 50. Ke4 f5+ 51. Kd3 g5 52. Kc4 Bb6 53. Kd3 g4 54. hxg4 fxg4 55. fxg4 Kxg4 56. Ke4 Ba7 57. Kd3 h4 58. Ke4 Bb6 59. Kd3 Kf5 60. Ng1 Bd8 61. Ne2 Bf6 62. Nc1 Bg5 63. Nb3 Be3 64. Nc5 Kf4 65. Ke2 Kg3 66. Kf1 Kh2 67. Nd3 Bd2 68. Ne5 Bc3 69. Nd3 Ba5 70. Ne5 Bb6 71. Nd3 Bc7 72. Nc5 Bd6 73. Nd3 Kg3 74. Nc1 Kf4 75. Ke2 Ke4 76. Nd3 Kd5 1/2-1/2